Príprava hydrotalkitu : Obh. 3.6.1991 /

Enregistré dans:
Détails bibliographiques
Auteur principal: Melnikovová-Surovčíková, Mária (Auteur)
Format: Manuscrit Livre
Langue:slovaque
Publié: Bratislava : SVŠT v Bratislave ChtF, 1991
Tags: Ajouter un tag
Pas de tags, Soyez le premier à ajouter un tag!

MARC

LEADER 00000ntm a22000003a 4500
001 stu17484
005 20150617225756.3
008 910618s1991----cs------------------slo-d
040 |a STU  |b slo 
041 0 |a slo 
044 |a cs 
100 1 |a Melnikovová-Surovčíková, Mária  |4 aut 
245 1 |a Príprava hydrotalkitu :  |b Obh. 3.6.1991 /  |c [aut.]Melnikovová-Surovčíková,Mária 
260 |a Bratislava :  |b SVŠT v Bratislave ChtF,  |c 1991 
300 |a 47 s :  |b Obr.,tab.,lit 
500 |a Špec.:Technológia anorganických výrob 
996 |b CD10590  |c C*D10590  |l CCI  |s A  |a 24  |w stu17484_0001